000 00652nam a2200193 a 4500
001 000005443
005 20200929151700.0
008 090819s1988 es a 001 spa d
020 _a8400067274
040 _aDO-SdBNP
082 _axxx
_bB642v
100 1 _aBlanco de Pablos, Aureliano
_915463
245 1 0 _aAvances sobre la investigación en bioclimatología / :
_bAureliano Blanco de Pablos; coordinador.
260 _aMadrid, :
_bConsejo Superior de Investigaciones Científicas,
_c1988.
300 _a505 p. :
_bil ;
_c25 cm.
500 _aIncluye tabla de contenido
700 1 _aBlanco de Pablos, Aureliano
_ecoordinador
_915463
049 _aBNPD
999 _c5243
_d5243